Tres libros de jineta de los siglos XVI y XVII / (Record no. 181631)
[ view plain ]
| 000 -LEADER | |
|---|---|
| campo de control de longitud fija | 01180nam a2200241 i 4500 |
| 001 - NÚMERO DE CONTROL | |
| campo de control | 181631 |
| 003 - IDENTIFICADOR DE NÚMERO DE CONTROL | |
| campo de control | ES-MaACL |
| 005 - FECHA Y HORA DE LA ÚLTIMA TRANSACCIÓN | |
| campo de control | 20250728182234.0 |
| 008 - DATOS DE LONGITUD FIJA--INFORMACIÓN GENERAL | |
| campo de control de longitud fija | 130226s1951 sp |||| | spa d |
| 080 ## - NÚMERO DE LA CLASIFICACIÓN DECIMAL UNIVERSAL | |
| Número de la Clasificación Decimal Universal | 798.23(460)"15/16" |
| 245 00 - MENCIÓN DEL TÍTULO | |
| Título | Tres libros de jineta de los siglos XVI y XVII / |
| Mención de responsabilidad, etc. | los publica la Sociedad de Bibliófilos Españoles ; [prólogo, C. Sanz Egaña]. |
| 260 ## - PUBLICACIÓN, DISTRIBUCIÓN, ETC. | |
| Lugar de publicación, distribución, etc. | Madrid : |
| Nombre del editor, distribuidor, etc. | Sociedad de Bibliófilos Españoles, |
| Fecha de publicación, distribución, etc. | 1951 ( |
| Fabricante | Imp. Aldus) |
| 300 ## - DESCRIPCIÓN FÍSICA | |
| Extensión | XLVIII, 270 p., 2 h. : |
| Otras características físicas | il. ; |
| Dimensiones | 25 cm. |
| 505 8# - NOTA DE CONTENIDO CON FORMATO | |
| Nota de contenido con formato | Contiene: Discurso para estar a la gineta con gracia y hermosura / por Juan Arias Dávila Portocarrero . Modo de pelear a la gineta / por Simón de Villalobos . Teórica y exercicios de la gineta.../ por Bernardo de Vargas Machuca |
| 650 #4 - PUNTO DE ACCESO ADICIONAL DE MATERIA--TÉRMINO DE MATERIA | |
| Término de materia o nombre geográfico como elemento de entrada | Equitación- |
| Subdivisión de forma | Obras anteriores a 1800. |
| 9 (RLIN) | 152323 |
| 700 1# - ENTRADA AGREGADA--NOMBRE PERSONAL | |
| Nombre de persona | Arias Dávila Portocarrero, Juan, |
| Títulos y otros términos asociados al nombre | Conde de Puñonrostro. |
| 9 (RLIN) | 152381 |
| 700 1# - ENTRADA AGREGADA--NOMBRE PERSONAL | |
| Nombre de persona | Villalobos, Simón de. |
| 9 (RLIN) | 152382 |
| 700 1# - ENTRADA AGREGADA--NOMBRE PERSONAL | |
| Nombre de persona | Vargas Machuca, Bernardo de, |
| Fechas asociadas al nombre | ca. 1555-1622 |
| 9 (RLIN) | 133555 |
| 700 1# - ENTRADA AGREGADA--NOMBRE PERSONAL | |
| Nombre de persona | Sanz Egaña, C. |
| 9 (RLIN) | 103635 |
| 710 2# - ENTRADA AGREGADA--NOMBRE DE ENTIDAD CORPORATIVA | |
| Nombre de entidad corporativa o nombre de jurisdicción como elemento de entrada | Sociedad de Bibliófilos Españoles. |
| 9 (RLIN) | 6661 |
| 852 4# - LOCALIZACIÓN | |
| Ubicación | ES-MaACL |
| Número de control de estantería | J-7(II-26) |
| Estatus retirado | Estado de pérdida | Estado de daño | No para préstamo | Biblioteca de origen | Biblioteca actual | Ubicación en estantería | Fecha de adquisición | Fuente de adquisición | Total de préstamos | Signatura topográfica completa | Código de barras | Visto por última vez | Precio de reemplazo | Tipo de ítem Koha |
|---|---|---|---|---|---|---|---|---|---|---|---|---|---|---|
| Biblioteca del Ateneo de Madrid | Biblioteca del Ateneo de Madrid | Depósito 2 | 26/02/2013 | J-7(II-26) | 1190876 | 23/02/2023 | 23/02/2023 | Libro impreso |
